000 00469nam a2200181Ia 4500
008 230125s9999 xx 000 0 und d
020 _a81-87810-05-X
041 _aeng
082 _a306.874
_bDOM
100 _aDoman G
_9113643
245 _aTo Teach your Baby Read and Write
260 _c2002
_bMini Book Pub.
_aMeerut
300 _a205p
500 _aGeneral;Children;Child Development
650 _aGeneral
700 _aDoman G
_9113643
999 _c90887
_d90887